Normal view
MARC view
- Bach, George Leland.
Entry Personal Name
001 - CONTROL NUMBER
- control field: 3400
003 - CONTROL NUMBER IDENTIFIER
- control field: OSt
005 - DATE AND TIME OF LATEST TRANSACTION
- control field: 20170511121301.0
008 - FIXED-LENGTH DATA ELEMENTS
- fixed length control field: 170511|| aca||aabn | a|a d
040 ## - CATALOGING SOURCE
- Original cataloging agency: OSt
- Transcribing agency: OSt
100 ## - HEADING--PERSONAL NAME
- Personal name: Bach, George Leland.
670 ## - SOURCE DATA FOUND
- Source citation: Work cat.: (OSt): Bach, George Leland., Economics :

PORTAL AKMAL
E-MEL JKDM
AKMAL2U
G-BAM
u-PUSTAKA